000 00753cab a2200253 4500
001 WB2931-69
008 090401t1993 xxu||||| |||| 00| 0 eng d
035 _a(Sirsi) u6028
041 _aeng
100 _aBullen, P.
245 _aInquiry clips wings of diversification
260 _c1993
350 _a0
490 _aFarmers' Weekly
_v119(8) 20 August 1993, 15(1)
520 _aThe SoS Environment`s forthcoming decision on the future of a Suffolk farmer`s airfield could threaten farm diversification schemes throughout the country.
650 _aAIRFIELD
650 _aFARM DIVERSIFICATION
650 _aNUISANCE
650 _aPLANNING INQUIRY
650 _aSUFFOLK
690 _aRURAL PRACTICE
942 _n0
948 _c04/03/1997
999 _c3612
_d3612